[Event "Kupreichik Memorial Open 2018"]
[Site "Minsk"]
[Date "2018.06.21"]
[Round "1"]
[White "Runets, Ivan"]
[Black "Boiko, Aleksei"]
[Result "1-0"]
[WhiteElo "2027"]
[BlackElo "1526"]
[Annotator "NA"]
[PlyCount "83"]
[EventDate "2018.06.21"]
[EventCountry "BLR"]
[SourceTitle "playchess.com"]
[Source "ChessBase"]
[SourceQuality "1"]
[TimeControl "900+10"]

1. e4 {[%emt 0:00:00]} Nf6 {[%emt 0:00:00]} 2. Nc3 {[%emt 0:00:02]} d5 {[%emt 0:00:02]} 3. exd5 {[%emt 0:00:10]} Nxd5 {[%emt 0:00:01]} 4. Nf3 {[%emt 0:00:21]} Nc6 {[%emt 0:00:04]} 5. Be2 {[%emt 0:00:12]} Nxc3 {[%emt 0:00:21]} 6. bxc3 {[%emt 0:00:20]} g6 {[%emt 0:00:02]} 7. O-O {[%emt 0:00:09]} Bg7 {[%emt 0:00:02]} 8. d4 {[%emt 0:00:06]} O-O {[%emt 0:00:07]} 9. Rb1 {[%emt 0:00:12]} b6 {[%emt 0:00:11]} 10. Bf4 {[%emt 0:00:12]} Bb7 {[%emt 0:00:02]} 11. Re1 {[%emt 0:00:21]} Re8 {[%emt 0:00:01]} 12. d5 {[%emt 0:02:24]} Na5 {[%emt 0:02:10]} 13. c4 {[%emt 0:00:25]} e6 {[%emt 0:01:32]} 14. dxe6 {[%emt 0:00:21]} Rxe6 {[%emt 0:00:20]} 15. Qxd8+ {[%emt 0:01:00]} Rxd8 {[%emt 0:00:02]} 16. Red1 {[%emt 0:01:25]} Rxd1+ {[%emt 0:01:10]} 17. Rxd1 {[%emt 0:00:06]} Kf8 {[%emt 0:01:29]} 18. Kf1 {[%emt 0:00:22]} Ke8 {[%emt 0:01:59]} 19. Bxc7 {[%emt 0:01:08]} Ba6 {[%emt 0:00:03]} 20. Rd8+ {[%emt 0:01:40]} Ke7 {[%emt 0:00:02]} 21. Rg8 {[%emt 0:00:28]} Bf6 {[%emt 0:00:02]} 22. Bd8+ {[%emt 0:00:30]} Kd6 {[%emt 0:00:28]} 23. Bxf6 {[%emt 0:00:07]} Rxf6 {[%emt 0:00:02]} 24. Nd2 {[%emt 0:00:52]} Ke5 {[%emt 0:00:31]} 25. Nf3+ {[%emt 0:00:38]} Kd6 {[%emt 0:00:05]} 26. c5+ {[%emt 0:00:01]} Kxc5 {[%emt 0:00:11]} 27. Bxa6 {[%emt 0:00:02]} b5 {[%emt 0:00:06]} 28. Bc8 {[%emt 0:00:08]} Kb4 {[%emt 0:00:10]} 29. Rd8 {[%emt 0:00:13]} Rc6 {[%emt 0:00:20]} 30. Nd4 {[%emt 0:00:26]} Rc4 {[%emt 0:00:06]} 31. a3+ {[%emt 0:00:20]} Kc5 {[%emt 0:00:24]} 32. Nb3+ {[%emt 0:00:44]} Kb6 {[%emt 0:00:02]} 33. Rd6+ {[%emt 0:01:17]} Kc7 {[%emt 0:00:13]} 34. Nxa5 {[%emt 0:00:04]} Rxc2 {[%emt 0:00:24]} 35. Rd7+ {[%emt 0:00:22]} Kxc8 {[%emt 0:00:01]} 36. Rxa7 {[%emt 0:00:01]} Rc3 {[%emt 0:00:15]} 37. Rxf7 {[%emt 0:00:32]} Rxa3 {[%emt 0:00:04]} 38. Nc6 {[%emt 0:00:02]} Rc3 {[%emt 0:00:03]} 39. Na7+ {[%emt 0:00:02]} Kd8 {[%emt 0:00:04]} 40. Nxb5 {[%emt 0:00:02]} Rb3 {[%emt 0:00:03]} 41. Nd4 {[%emt 0:00:03]} Rd3 {[%emt 0:00:07]} 42. Nf3 {[%emt 0:00:04]} 1-0

[Event "Kupreichik Memorial Open 2018"]
[Site "Minsk"]
[Date "2018.06.21"]
[Round "1"]
[White "Talma, Sergei"]
[Black "Mamedov, Rauf"]
[Result "0-1"]
[WhiteElo "1858"]
[BlackElo "2711"]
[Annotator "TA"]
[PlyCount "67"]
[EventDate "2018.06.21"]
[EventCountry "BLR"]
[SourceTitle "playchess.com"]
[Source "ChessBase"]
[SourceQuality "1"]

{[%evp 12,67,75,74,85,61,111,103,117,58,60,58,72,43,30,23,23,23,27,9,17,24,18,25,7,10,66,8,18,-35,-35,-47,-43,-93,-85,-88,-88,-90,-87,-98,-109,-103,-108,-106,-96,-108,-97,-104,-84,-171,-163,-210,-198,-181,-151,-475,-490,-582]} 1. d4 d6 2. e4 g6 3. Nc3 Bg7 4. Bg5 h6 5. Be3 c6 6. Nf3 {B06: Modern Defence} Nf6 7. h3 {LiveBook: 7 Games} b5 (7... O-O 8. Qd2 h5 9. Bd3 b5 10. O-O e5 11. dxe5 dxe5 12. Nxe5 Nxe4 13. Bxe4 Qxd2 14. Bxd2 Bxe5 15. Nxb5 {1-0 (33) Vallejo Pons,F (2700)-Dinstuhl,V (2409) Germany 2013}) 8. Bd3 {White is better.} b4 9. Ne2 Nbd7 $146 ({Predecessor:} 9... Qc7 10. c4 e5 11. d5 Nbd7 12. Qa4 Nc5 13. Bxc5 dxc5 14. Nxe5 Nxd5 15. Qxc6+ Qxc6 16. Nxc6 {0-1 (44) Wills,A-West,G (2395) Adelaide 1990}) 10. Qd2 ({Better is} 10. a3 $16) 10... c5 $14 11. c3 bxc3 12. bxc3 ({Don't play} 12. Qxc3 O-O $11) 12... Bb7 13. d5 Qa5 14. Rb1 Ba6 15. O-O O-O 16. c4 Qxd2 17. Bxd2 Nb6 18. Rfc1 Rfe8 (18... Nfd7 $11) 19. Ba5 (19. Rb3 $14) 19... Rab8 20. Bxb6 (20. Rb3 $11) 20... axb6 $15 21. Nc3 Nd7 22. Nb5 {[#]} Bxb5 $1 23. Rxb5 Ra8 24. Bb1 h5 25. Re1 Ra4 26. Rc1 Rea8 27. Kf1 Ra3 28. Ke2 Bh6 29. Rc2 R8a6 30. Nd2 (30. Kf1 $17) 30... Ne5 $19 31. Rb3 R3a4 32. Rbc3 Rb4 {[#] ...Bxd2 is the strong threat.} 33. Nb3 $2 (33. a3 $17 {is tougher.} Bxd2 34. axb4 Bxc3 35. bxc5) 33... Raa4 34. Nd2 {Precision: White = 34%, Black = 78%.} 0-1

[Event "Kupreichik Memorial Open 2018"]
[Site "Minsk"]
[Date "2018.06.21"]
[Round "1"]
[White "Zeliantsova, Kseniya"]
[Black "Aleksandrov, Aleksej"]
[Result "0-1"]
[WhiteElo "1844"]
[BlackElo "2597"]
[Annotator "TA"]
[PlyCount "134"]
[EventDate "2018.06.21"]
[EventCountry "BLR"]
[SourceTitle "playchess.com"]
[Source "ChessBase"]
[SourceQuality "1"]

{[%evp 28,134,28,20,107,27,29,34,18,9,18,17,38,28,27,41,26,35,35,0,37,0,0,-26,-25,-18,-18,-22,-12,0,-8,-14,0,-60,-31,-84,-85,-68,-66,-105,-100,-97,-99,-129,-114,-111,-131,-122,-117,-107,0,0,0,-202,-171,-184,-114,-143,-29,-29,-25,-217,-220,-210,-207,-216,-204,-581,-593,-615,-575,-433,-384,-375,-356,-408,-333,-329,-209,-1086,-1038,-987,-278,-270,-269,-250,-232,-277,-289,-451,-439,-459,-445,-1048,-886,-854,-831,-1143,-817,-1020,-833,-835,-815,-914,-706,-5089,-5537,-5493,-5110]} 1. e4 e5 2. Nf3 Nc6 3. Bb5 a6 4. Ba4 Nf6 5. O-O Be7 6. Re1 b5 7. Bb3 d6 8. c3 O-O 9. h3 Bb7 10. d4 Nd7 11. Nbd2 {[%cal Bb1d2,Bd2f1,Bf1g3][%mdl 32]} Re8 {C92: Closed Ruy Lopez: 9...Be6, Karpov and Flohr-Zaitsev Variations} 12. Nf1 exd4 13. cxd4 Bf6 (13... Na5 14. Bc2 Bf6 15. Ne3 Bxe4 16. Bd2 Bxc2 17. Qxc2 Nc4 18. Nxc4 Rxe1+ 19. Rxe1 bxc4 20. Qxc4 {½-½ (60) Shankland,S (2671)-Bu,X (2725) Liaocheng 2018}) 14. Ng3 Na5 15. Bc2 {LiveBook: 70 Games} c5 {[#]} (15... g6 $1 $11) 16. d5 (16. Nf5 $1 $16) 16... g6 17. Rb1 Nc4 18. b3 Ncb6 19. Bf4 Ne5 $146 20. Nxe5 Bxe5 21. Bxe5 Rxe5 22. f4 Re8 23. Qg4 Bc8 24. f5 Nd7 25. Rf1 Ne5 $36 {[%mdl 2048] Black has the initiative.} 26. Qf4 Qe7 27. h4 h5 28. Bd1 Kh7 $1 29. Be2 Bd7 30. Rbc1 (30. Rf2 $11) 30... a5 $15 31. Rc3 ({White should try} 31. Rf2 $15) 31... b4 $17 32. Re3 a4 33. Nh1 axb3 34. axb3 Ra2 35. Nf2 {[#]} Rxe2 $1 {[%mdl 512]} 36. Rxe2 {Threatens to win with Ra2.} Bb5 37. Ree1 Bxf1 38. Rxf1 Nd7 (38... Rb8 $17 39. Qg3 c4 40. bxc4 Qa7) 39. fxg6+ fxg6 40. Qf3 $2 (40. Nh3 $11 {and White has nothing to worry.}) 40... Rf8 $19 41. Qg3 Qf6 (41... Ne5 $19 {White must now prevent ...c4.} 42. Ra1 Qf6) 42. Rd1 Qf4 (42... Ne5 $17 43. Nh3 Ng4) 43. Qxf4 $11 Rxf4 {[%mdl 4096] Endgame KRN-KRN} 44. g3 $2 (44. Ra1 $11 {and White is okay.} Nf6 45. Ra7+ Kg8 46. Re7) 44... Rf3 $19 45. Rd3 Rf8 46. Kg2 Ra8 47. Nh3 $2 (47. Re3 {is a better chance.}) 47... Ra2+ 48. Kg1 Ne5 49. Re3 Rb2 50. Kf1 Kg7 51. Ke1 Kf6 52. Kd1 Rh2 53. Re2 $2 (53. Ng5) 53... Rh1+ 54. Kc2 Ng4 $2 (54... Rxh3 55. Rf2+ Ke7) 55. Ng5 Rg1 56. e5+ Nxe5 57. Ne4+ Ke7 58. Rf2 (58. Re3 {was called for.} Ng4 59. Re2) 58... Re1 {Black is clearly winning.} 59. Rf4 Re3 60. Kb1 (60. Kc1 $142) 60... Rxb3+ 61. Kc2 Re3 62. Kd2 Rd3+ 63. Kc2 Rxd5 64. Nf6 Rd4 65. Rxd4 cxd4 66. Nd5+ Ke6 67. Nxb4 Kf5 {Precision: White = 35%, Black = 57%.} 0-1

[Event "Kupreichik Memorial Open 2018"]
[Site "Minsk"]
[Date "2018.06.21"]
[Round "1"]
[White "Polovkov, Valery"]
[Black "Meshkovs, Nikita"]
[Result "0-1"]
[WhiteElo "1830"]
[BlackElo "2572"]
[Annotator "TA"]
[PlyCount "61"]
[EventDate "2018.06.21"]
[EventCountry "BLR"]
[SourceTitle "playchess.com"]
[Source "ChessBase"]
[SourceQuality "1"]

{[%evp 19,61,-17,-16,-20,-16,-24,-20,-23,0,-36,-36,-64,-66,-85,-86,-132,-69,-90,-85,-110,-84,-77,-93,-87,-94,-166,-124,-145,-143,-181,-111,-111,-96,-227,-228,-580,-553,-568,-534,-829,-759,-762,-792,-774]} 1. d4 Nf6 2. Nf3 e6 3. c4 b6 4. Nc3 Bb7 5. e3 d5 6. cxd5 exd5 7. Bd3 Bd6 8. O-O O-O 9. Nb5 {E14: Damenindisch (Zentralsystem)} (9. b3 Nbd7 10. Bb2 a6 11. Rc1 Ne4 12. Ne2 Qe7 13. Qc2 Rac8 14. Ng3 f5 15. Qe2 b5 16. Rc2 c6 17. Rfc1 Rce8 18. Nf1 Qf6 19. Ne1 Qh6 20. Rd1 Re6 {½-½ (28) Li,C (2739)-Schroeder,J (2552) Germany 2017}) 9... Be7 10. Ne5 c5 {LiveBook: 3 Partien} 11. Bd2 {Die Stellung ist ausgeglichen.} Nc6 12. Rc1 $146 ({Vorgänger:} 12. Nxc6 Bxc6 13. Nc3 Bd6 14. Qf3 Re8 {0-1 (56) Christiansen,L (2590)-Benjamin,J (2555) San Francisco 1991}) 12... a6 13. Nc3 Bd6 14. Nxc6 Bxc6 15. Bf5 Re8 16. Re1 c4 17. f3 g6 ({Günstiger ist} 17... b5 $17 18. Ne2 b4) 18. Bb1 Bc7 19. Re2 Qd6 20. g4 b5 21. a3 a5 $36 {[%cal Ba6a5,Ba5b4][%mdl 2080] Weiss muss aufpassen.} 22. Be1 (22. Qe1 $17 {ist eine bessere Verteidigung.}) 22... b4 23. axb4 axb4 24. Na2 {[#]} Rab8 (24... Rxe3 $1 $19 {[%mdl 512]} 25. Bxb4 (25. Rxe3 Qxh2+) 25... Qe6) 25. Qd2 Qf8 26. g5 {[#]} (26. Bh4 $17 {war einen Versuch wert.} Re6 27. e4) 26... Nh5 $1 $19 27. e4 $2 (27. Bh4) 27... Bf4 {Schwarz steht klar auf Gewinn.} 28. Qd1 Bxg5 29. exd5 Bxd5 30. Be4 Nf4 31. Ra1 {Precision: Weiß = 31%, Schwarz = 63%.} 0-1

[Event "Kupreichik Memorial Open 2018"]
[Site "Minsk"]
[Date "2018.06.21"]
[Round "1"]
[White "Rybakova, Polina"]
[Black "Notkin, Maksim"]
[Result "0-1"]
[WhiteElo "1826"]
[BlackElo "2455"]
[Annotator "TA"]
[PlyCount "86"]
[EventDate "2018.06.21"]
[EventCountry "BLR"]
[SourceTitle "playchess.com"]
[Source "ChessBase"]
[SourceQuality "1"]

{[%evp 15,86,21,25,-36,-30,-25,-52,-65,-61,-66,-27,-29,0,-19,8,0,37,37,245,242,258,258,225,-63,29,28,106,55,46,-54,35,27,28,25,37,11,10,-178,16,8,43,29,55,0,8,-119,-122,-122,-122,-127,-118,-176,593,-1062,-1056,-1037,-1018,-1739,-1545,-29983,-29979,-29966,-29967,-6379,-6212,-29987,-29980,-29994,-29995,-29997,-29998,-29998,-1644]} 1. e4 c5 2. Nf3 Nc6 3. Bb5 g6 4. O-O Bg7 5. c3 Nf6 6. Re1 O-O 7. d4 cxd4 8. cxd4 d5 {LiveBook: 303 Partien} 9. Nc3 {B31: Sizilianisch (Rossolimo-Variante)} (9. e5 $11 Ne4 10. Nc3) (9. e5 Ne4 10. Bxc6 bxc6 11. Nbd2 Nxd2 12. Bxd2 Qb6 13. Bc3 c5 14. dxc5 Qxc5 15. Rc1 {½-½ (15) Kovalev,A (2515)-Varga,Z (2434) Balatonboglar 2016}) 9... dxe4 10. Bxc6 bxc6 11. Nxe4 {Schwarz steht etwas besser.} Nxe4 12. Rxe4 Bf5 (12... c5 $5 13. Bg5 Qd5 14. Rxe7 Bg4 $15) 13. Re1 Rb8 $146 ({Vorgänger:} 13... Bg4 14. Qd3 Bxf3 15. Qxf3 Qd7 16. Qe4 Bxd4 17. Bh6 Rfe8 18. Rad1 Rad8 19. Kf1 Qd5 20. Qh4 Qb5+ 21. Re2 Bf6 22. Rxd8 Rxd8 23. Ke1 Bxh4 {0-1 (23) Kecskemety,S-Movsisyan,M (2301) Oklahoma 2006}) 14. Qa4 Qc7 15. Ne5 Rfc8 16. Bf4 {Und Sxg6! würde nun gewinnen.} Qb6 $2 {[#]} (16... Qd6 $14) 17. Nxc6 $1 $18 {[%mdl 512]} Rxc6 (17... Qxc6 18. Qxc6) 18. Bxb8 Bxd4 {[#]} 19. Bg3 $2 (19. Bxa7 $1 $18 {[%mdl 512]} Bxf2+ (19... Qxa7 20. Qxc6) 20. Kh1 Qxa7 21. Qxc6 Bxe1 22. Rxe1) 19... Bc2 (19... Bxb2 $15 20. Be5 (20. Rad1 Bc2 $17) 20... Bxa1 21. Bxa1 a6) 20. Qa3 $11 e5 (20... Bxb2 $11 21. Qxe7 Bxa1 22. Qe8+ Kg7 23. Rxa1 Bf5) 21. Qe7 ({Lieber} 21. Rxe5 $16 {zielt auf Te8+ ab.} Bxe5 22. Bxe5) 21... Re6 $14 22. Qg5 (22. Qd7 $14 Kg7 23. Rac1 Qxb2 24. Qc7) 22... Qxb2 (22... Bxb2 $15 23. Rac1 f6) 23. Qd8+ Kg7 24. Rac1 Ba4 25. Qc7 h5 26. Qc4 $2 (26. h3 $11) 26... Bb5 $2 ({Günstiger ist} 26... Rc6 $19 27. Qf1 Bb5) 27. Qc2 Qb4 28. h3 Bc6 29. Qc4 (29. Kh2 $14) 29... Qb7 30. Qd3 (30. Rb1 $11 Qe7 31. Bf4) 30... Bxg2 $17 31. Rb1 Qa8 32. Kh2 Bd5 $40 {[%mdl 128] Weiss ist in Schwierigkeiten.} 33. f4 (33. Qd2 $17 {war nötig.}) 33... Ra6 $4 {[%mdl 8192]} (33... Bxa2 $19 34. Rbd1 Rb6 35. fxe5 Rb4) 34. fxe5 $4 {[%mdl 8192]} (34. Qxa6 $18 Be6 35. fxe5) 34... Rxa2+ $19 35. Re2 Be4 36. Qxd4 Rxe2+ 37. Kg1 Rg2+ 38. Kf1 Rxg3 39. e6+ f6 {( -> ...Ld3+)} 40. Qd7+ Kh6 {Schwarz setzt Matt.} 41. Rc1 Bd3+ 42. Ke1 Qe4+ 43. Kd2 Qe2+ {Precision: Weiß = 23%, Schwarz = 28%.} (43... Rg2+ $142 44. Kd1 Qe2#) 0-1

[Event "Kupreichik Memorial Open 2018"]
[Site "Minsk"]
[Date "2018.06.21"]
[Round "1"]
[White "Girshgorn, Maria"]
[Black "Bernotas, Arturs"]
[Result "0-1"]
[WhiteElo "1805"]
[BlackElo "2410"]
[Annotator "TA"]
[PlyCount "62"]
[EventDate "2018.06.21"]
[EventCountry "BLR"]
[SourceTitle "playchess.com"]
[Source "ChessBase"]
[SourceQuality "1"]

{[%evp 14,62,9,-31,-1,-41,-30,-40,-16,-74,-45,-61,-55,-64,-35,-74,-39,-76,-76,-68,-78,-185,-185,-179,-179,-187,-189,-189,-189,-189,-189,-409,-282,-435,-425,-462,-465,-464,-448,-466,-448,-517,-518,-505,-514,-504,-496,-622,-601,-1181,-1163]} 1. d4 Nf6 2. Nf3 e6 3. g3 b5 4. Bg2 Bb7 5. O-O c5 6. b3 cxd4 {A46: 1 d4 Nf6 2 Nf3 e6: Torre, London and Colle Systems} 7. Bb2 Be7 8. Bxd4 {LiveBook: 4 Games} O-O {Black is slightly better.} 9. Nbd2 Nc6 10. Bb2 d5 11. Nd4 $146 (11. c4 $11 {remains equal.}) ({Predecessor:} 11. c4 dxc4 12. bxc4 b4 13. a3 bxa3 14. Bxa3 {½-½ (27) Pohjala,H (2361)-Neiksans,A (2571) Sastamala 2014}) 11... Qb6 12. N2f3 Rac8 13. Nxc6 Qxc6 14. Rc1 Rfd8 15. e3 Ne4 16. Ne5 Qc7 17. Ng4 ({Don't go for} 17. Bxe4 $2 dxe4 18. Bd4 f6 $19) (17. Qh5 $17 {is a better defense.} g6 18. Qe2) 17... Nc3 $19 18. Bxc3 Qxc3 19. Qd4 h5 20. Ne5 Qxd4 21. exd4 Ba3 22. c4 $2 {[#]} (22. Ra1) 22... f6 23. Ng6 (23. Nd3 $142 Bxc1 24. Rxc1) 23... Kf7 {Black is clearly winning.} 24. Nf4 Bxc1 25. Rxc1 bxc4 26. bxc4 Rxc4 27. Rxc4 dxc4 28. Bxb7 {Now Ne2 and White clings on.} c3 {[%cal Bc4c3,Bc3c2][%mdl 32]} 29. Ne2 c2 30. d5 exd5 {[#] aiming for ...d4.} 31. Ba6 Re8 {Precision: White = 25%, Black = 73%.} 0-1

[Event "Kupreichik Memorial Open 2018"]
[Site "Minsk"]
[Date "2018.06.21"]
[Round "1"]
[White "Stroganova, Karina"]
[Black "Meshkov, Yuri A"]
[Result "0-1"]
[WhiteElo "1776"]
[BlackElo "2375"]
[Annotator "NA"]
[PlyCount "82"]
[EventDate "2018.06.21"]
[EventCountry "BLR"]
[SourceTitle "playchess.com"]
[Source "ChessBase"]
[SourceQuality "1"]
[TimeControl "900+10"]

1. d4 {[%emt 0:00:00]} Nf6 {[%emt 0:00:04]} 2. Nf3 {[%emt 0:00:00]} c5 {[%emt 0:00:06]} 3. c4 {[%emt 0:00:18]} cxd4 {[%emt 0:00:06]} 4. Nxd4 {[%emt 0:00:06]} e5 {[%emt 0:00:01]} 5. Nf3 {[%emt 0:00:09]} e4 {[%emt 0:00:24]} 6. Nd4 {[%emt 0:00:24]} Nc6 {[%emt 0:00:21]} 7. g3 {[%emt 0:00:58]} Qb6 {[%emt 0:01:28]} 8. Nxc6 {[%emt 0:01:19]} Bc5 {[%emt 0:00:24]} 9. e3 {[%emt 0:01:06]} dxc6 10. Bg2 {[%emt 0:00:15]} h5 {[%emt 0:03:47]} 11. Nc3 {[%emt 0:01:03]} Qb4 {[%emt 0:01:04]} 12. Qe2 {[%emt 0:02:14]} Bg4 {[%emt 0:00:06]} 13. Qc2 {[%emt 0:00:17]} Qxc4 {[%emt 0:00:35]} 14. b3 {[%emt 0:02:35]} Qe6 {[%emt 0:00:42]} 15. Bb2 {[%emt 0:00:42]} Bf3 {[%emt 0:02:02]} 16. Bxf3 {[%emt 0:00:59]} exf3 {[%emt 0:00:01]} 17. O-O-O {[%emt 0:00:18]} O-O {[%emt 0:00:41]} 18. Kb1 {[%emt 0:00:30]} Rfd8 {[%emt 0:00:23]} 19. Nb5 {[%emt 0:00:58]} Bb6 {[%emt 0:01:01]} 20. Nd4 {[%emt 0:00:03]} Bxd4 {[%emt 0:00:10]} 21. Rxd4 {[%emt 0:00:24]} Rxd4 {[%emt 0:00:02]} 22. Bxd4 {[%emt 0:00:02]} Ne4 {[%emt 0:00:01]} 23. Rd1 {[%emt 0:00:35]} c5 {[%emt 0:00:42]} 24. Bb2 {[%emt 0:00:39]} b6 {[%emt 0:00:33]} 25. Rd3 {[%emt 0:01:02]} Re8 {[%emt 0:00:03]} 26. Rd1 {[%emt 0:01:03]} f6 {[%emt 0:00:40]} 27. Rc1 {[%emt 0:00:58]} Rd8 {[%emt 0:00:14]} 28. Rd1 {[%emt 0:00:08]} Rxd1+ {[%emt 0:00:06]} 29. Qxd1 {[%emt 0:00:01]} Nxf2 {[%emt 0:00:06]} 30. Qxf3 {[%emt 0:00:31]} Qe4+ {[%emt 0:00:01]} 31. Qxe4 {[%emt 0:00:03]} Nxe4 {[%emt 0:00:01]} 32. Kc2 {[%emt 0:00:04]} Kf7 {[%emt 0:00:10]} 33. Kd3 {[%emt 0:00:08]} Nd6 {[%emt 0:00:02]} 34. e4 {[%emt 0:00:04]} Ke6 {[%emt 0:00:01]} 35. h3 Nf7 36. g4 {[%emt 0:00:38]} hxg4 {[%emt 0:00:08]} 37. hxg4 {[%emt 0:00:02]} Ne5+ {[%emt 0:00:05]} 38. Ke3 {[%emt 0:00:21]} Nxg4+ {[%emt 0:00:03]} 39. Kf4 {[%emt 0:00:09]} Nf2 {[%emt 0:00:05]} 40. Bc3 {[%emt 0:00:08]} g5+ {[%emt 0:00:21]} 41. Ke3 {[%emt 0:00:08]} Nd1+ {[%emt 0:00:01]} 0-1

[Event "Kupreichik Memorial Open 2018"]
[Site "Minsk"]
[Date "2018.06.21"]
[Round "1"]
[White "Papunidi, Matvey"]
[Black "Barskij, Vladimir"]
[Result "1-0"]
[WhiteElo "1751"]
[BlackElo "2352"]
[Annotator "NA"]
[PlyCount "131"]
[EventDate "2018.06.21"]
[EventCountry "BLR"]
[SourceTitle "playchess.com"]
[Source "ChessBase"]
[SourceQuality "1"]
[TimeControl "900+10"]

1. e4 {[%emt 0:00:00]} c5 {[%emt 0:00:01]} 2. Nf3 {[%emt 0:00:00]} e6 {[%emt 0:00:02]} 3. d4 {[%emt 0:00:00]} cxd4 {[%emt 0:00:01]} 4. Nxd4 {[%emt 0:00:02]} Nf6 {[%emt 0:00:02]} 5. Nc3 {[%emt 0:00:03]} d6 {[%emt 0:00:01]} 6. Bg5 {[%emt 0:00:14]} h6 {[%emt 0:00:17]} 7. Bh4 {[%emt 0:00:28]} Nc6 {[%emt 0:00:33]} 8. Qd2 {[%emt 0:01:38]} Nxe4 {[%emt 0:04:34]} 9. Bxd8 {[%emt 0:06:34]} Nxd2 {[%emt 0:00:03]} 10. Bb5 {[%emt 0:02:13]} Bd7 {[%emt 0:04:53]} 11. Bh4 {[%emt 0:03:12]} Nxd4 {[%emt 0:00:37]} 12. Bxd7+ {[%emt 0:00:01]} Kxd7 {[%emt 0:00:02]} 13. Kxd2 {[%emt 0:00:01]} Nf5 {[%emt 0:01:11]} 14. Bg3 {[%emt 0:00:06]} Nxg3 {[%emt 0:00:03]} 15. hxg3 {[%emt 0:00:09]} d5 {[%emt 0:00:04]} 16. a3 {[%emt 0:00:41]} Be7 {[%emt 0:00:44]} 17. Ne2 {[%emt 0:01:04]} Rac8 {[%emt 0:00:33]} 18. Rad1 {[%emt 0:00:02]} Bg5+ {[%emt 0:00:18]} 19. f4 {[%emt 0:00:05]} Bf6 {[%emt 0:00:04]} 20. Kc1 {[%emt 0:00:09]} Rc4 {[%emt 0:00:20]} 21. Kb1 {[%emt 0:00:10]} Re4 {[%emt 0:00:25]} 22. Nc1 {[%emt 0:00:33]} Rc8 {[%emt 0:00:15]} 23. Rhe1 {[%emt 0:00:23]} Rcc4 {[%emt 0:00:34]} 24. Nb3 {[%emt 0:00:40]} b6 {[%emt 0:01:47]} 25. c3 {[%emt 0:00:03]} Rxe1 {[%emt 0:00:23]} 26. Rxe1 {[%emt 0:00:01]} Re4 {[%emt 0:00:02]} 27. Rxe4 {[%emt 0:00:17]} dxe4 {[%emt 0:00:02]} 28. Nd2 {[%emt 0:00:22]} e3 {[%emt 0:00:02]} 29. Nf3 {[%emt 0:00:01]} g5 {[%emt 0:00:17]} 30. Kc2 {[%emt 0:00:31]} g4 {[%emt 0:00:02]} 31. Ng1 {[%emt 0:00:06]} Kc6 {[%emt 0:00:31]} 32. Kd3 {[%emt 0:00:01]} Kb5 {[%emt 0:00:06]} 33. Kxe3 {[%emt 0:00:22]} Kc4 {[%emt 0:00:05]} 34. Kd2 {[%emt 0:00:02]} a5 {[%emt 0:00:07]} 35. Kc2 {[%emt 0:00:14]} a4 {[%emt 0:00:01]} 36. Ne2 {[%emt 0:00:03]} Be7 {[%emt 0:00:13]} 37. Nd4 {[%emt 0:00:15]} Bc5 {[%emt 0:00:06]} 38. Nc6 {[%emt 0:00:02]} Kd5 {[%emt 0:00:29]} 39. Ne5 {[%emt 0:00:14]} f5 {[%emt 0:00:12]} 40. Nd3 {[%emt 0:00:21]} Be3 {[%emt 0:00:23]} 41. Kd1 {[%emt 0:00:08]} Ke4 {[%emt 0:00:19]} 42. Ke2 {[%emt 0:00:04]} b5 {[%emt 0:00:15]} 43. Ne5 {[%emt 0:00:21]} Bc5 {[%emt 0:00:28]} 44. Nd3 Bd6 {[%emt 0:00:02]} 45. Nf2+ {[%emt 0:00:16]} Kd5 {[%emt 0:00:04]} 46. Nd3 {[%emt 0:00:10]} Kc4 {[%emt 0:00:20]} 47. Kd2 {[%emt 0:00:04]} h5 {[%emt 0:00:13]} 48. Kc2 {[%emt 0:00:10]} Kd5 {[%emt 0:00:13]} 49. Kd2 {[%emt 0:00:01]} Bc7 {[%emt 0:00:10]} 50. Nb4+ {[%emt 0:00:17]} Ke4 {[%emt 0:00:03]} 51. Nd3 {[%emt 0:00:17]} Bb6 {[%emt 0:00:26]} 52. Ke2 {[%emt 0:00:02]} Be3 {[%emt 0:00:14]} 53. Nb4 {[%emt 0:00:20]} h4 {[%emt 0:00:02]} 54. gxh4 {[%emt 0:00:06]} Bxf4 {[%emt 0:00:05]} 55. Nc6 {[%emt 0:00:18]} Bc1 {[%emt 0:00:09]} 56. Na7 {[%emt 0:00:01]} f4 {[%emt 0:00:06]} 57. Nxb5 {[%emt 0:00:07]} Bxb2 {[%emt 0:00:13]} 58. c4 {[%emt 0:00:17]} Bf6 {[%emt 0:00:35]} 59. h5 {[%emt 0:00:04]} f3+ {[%emt 0:00:13]} 60. gxf3+ {[%emt 0:00:03]} gxf3+ {[%emt 0:00:03]} 61. Kf2 {[%emt 0:00:08]} Bh4+ {[%emt 0:00:03]} 62. Kf1 {[%emt 0:00:01]} e5 {[%emt 0:00:19]} 63. Nd6+ {[%emt 0:00:33]} Kd3 {[%emt 0:00:12]} 64. c5 {[%emt 0:00:12]} e4 {[%emt 0:00:15]} 65. Nxe4 {[%emt 0:00:01]} Kxe4 {[%emt 0:00:01]} 66. c6 {[%emt 0:00:01]} 1-0